Das Ptolemäische Ägypten : Akten d. internat. Symposions, 27.-29. September 1976 in Berlin /

محفوظ في:

مؤلفون مشاركون: Deutsches Archäologisches Institut Berlin (Germany)., Ägyptisches Museum.

مؤلفون آخرون: Maehler, Herwig., Strocka, Volker Michael

التنسيق: كتاب

اللغة: German

منشور في: Mainz am Rhein : von Zabern, 1978.

الموضوعات:

الوسوم: إضافة وسم

لا توجد وسوم, كن أول من يضع وسما على هذه التسجيلة!

رقم الطلب: ( F )DT92 .P78 1978

LEADER 01403nam a2200301Ia 4500
003 OSt
005 20240917045655.0
008 790822s1978 gw a b 10100 ger u
952 |0 0  |1 0  |2 lcc  |4 0  |7 1  |9 50132  |a ARCE  |b ARCE  |d 2023-09-09  |l 0  |o ( F )DT92 .P78 1978  |p 1018897  |r 2023-09-09 00:00:00  |w 2023-09-09  |y BK 
999 |c 54755  |d 54755 
020 |a 3805303629 
040 |c ARCE Library 
050 4 |a ( F )DT92 .P78 1978 
245 0 4 |a Das Ptolemäische Ägypten :   |b Akten d. internat. Symposions, 27.-29. September 1976 in Berlin /   |c Dt. Archäolog. Inst. ; hrsg. von Herwig Maehler u. Volker Michael Strocka. 
264 1 |a Mainz am Rhein :   |b von Zabern,   |c 1978. 
300 |a xiii, 279, [64] p. :   |b 173 ill. ;   |c 32 cm. 
500 |a Symposium was jointly organized by the Deutsches Archäologisches Institut and the Ägyptisches Museum, Berlin. 
504 |a Includes bibliographical references and indexes. 
546 |a Contributions in English, French, German, or Italian. 
600 3 0 |a Ptolemaic dynasty, -- 305-30 B.C. -- Congresses. 
651 0 |a Egypt -- Civilization -- 332 B.C.-638 A.D. -- Congresses. 
651 0 |a Egypt -- History -- Greco-Roman period, 332 B.C.-640 A.D. -- Congresses. 
700 1 |a Maehler, Herwig. 
700 1 |a Strocka, Volker Michael 
710 2 0 |a Deutsches Archäologisches Institut Berlin (Germany). 
710 2 0 |a Ägyptisches Museum. 
901 |a reviewed 
942 |2 lcc  |c BK